000 00445nam a2200157Ia 4500
005 20250131161334.0
008 231217s9999 xx 000 0 und d
020 _a9788131703069
082 _a001.535 CHA;14
100 _aCharniak, Eugene. McDermott, Drew.
245 0 _aIntroduction to artificial intelligence
260 _c1985
_bDorling Kindersley
_aNew Delhi
300 _axvii, 701
650 _aartificial,intelligence
942 _cAA
999 _c187513
_d187513